005586161a2200157 450000500170000000800410001702000180005805000220007610000200009824500780011825000120019626000380020830000220024652001120026865000200038020140412111306.0140211s1991 xx 000 0 und d a0-8234-0863-9 aTR(PS EbSt7 1991 aStewig, John W. aStone soup /cadapted by John Warren Stewig; illustrated by Margot Tomes. a1st Ed. aNew York :bHoliday House,c1991. a1v. (unp.) ; ill. aA clever lass, in need of a meal, shows some stingy villagers how to make soup starting with a magic stone. aFolklore-France